00907nam a2200277Ia 4500952010900000999001700109003000400126005001700130008004100147040000900188041000800197050002100205100001700226245008000243246001700323250001200340260004400352300003200396500003700428650004400465650002100509650006400530700001400594700001400608942000700622 00104070aGETSbGETScGENd2020-08-24l0oPZ8 .L48 1982p00005733r2020-08-24 00:00:00w2020-08-24yCB c17498d17498OSt20210407151534.0200824s9999||||xx |||||||||||||| ||und|| cGETS achi aPZ8 b.L48 1982 aLewis, C. S. 0a最後之戰b= The Last Battle /c魯益師 (C. S.Lewis) 著; 王文恕譯 a最后之战 a3rd ed. a香港:b基督教文藝出版社c1982 a2,204 p. :bill. ; c19 cm. aTranslation of: The Last Battle. aEvil - Novels, news, etc.for the youth. aFantastic novel. aNarnia (imaginary place) - Novels, news, etc.for the youth. a王文恕 a魯益師 cCB